000 00893nam a2200217 a 4500
005 20140412111300.0
008 010328s19uu xx 00 eng d
020 _a0-205-19954-2
050 _aTR(GS 371.9
_bV38 1997
100 _aVaughn, Sharon
245 _aTeaching mainstreamed, diverse, and at-risked students :
_bin the generated education classroom /
_cSharon Vaughn, Candance S. Bos, Jeanne Shay Schumm.
260 _aNeedham Heights, MA :
_bAllyn and Bacon,
_c1997.
300 _axxvi p. ; 550p
500 _aIncludes bibliographical references and index.
650 _aMainstreaming in education - United States
650 _aSpecial education - United States
650 _aHandicapped children - Education - United States
650 _aSocially handicapped children - Education - United States
650 _aDisabled children - Education - United States
999 _c103367
_d103367